000 00871nam a22002537a 4500
003 0
005 20180709155746.0
008 0
010 _aB-127801
020 _c240.00
_a076199842X
035 _aB-127801,B-127802
037 _bCen Lib/Ret
040 _aDPL
_bEN
_c0
082 _a658.4012
_bSAN
100 _aSanghi, Seema
_933869
245 _aThe handbook of competency mapping :
_cby Seema Sanghi
_bunderstanding, designing and implementing competency models in organizations /
260 _aNew Delhi
_bSage Publications
_c2004
270 _aB-42, Panchsheel enclave
_bNew Delhi
_e110017
300 _axviii,142p.
_c19cm(pbk)
500 _aIncludes bibliographical references and index
650 _aOrganizational effectiveness
_915439
650 _aBUSINESS & ECONOMICS -- Strategic Planning
_933870
942 _2ddc
_cEN
_h658.4012
_mSAN
999 _c132162
_d132162